| 000 | 02216nam a2200433 c 4500 | ||
|---|---|---|---|
| 003 | BLK | ||
| 005 | 20250212120619.0 | ||
| 008 | 180408b bul|||||r ||||||| ||bul|| | ||
| 010 | _aKNG00062234000 | ||
| 020 |
_a5-09-000907-4 _bиздат.: Просвещение |
||
| 020 |
_a5-09-000909-0 _bиздат.: Просвещение - (ч. 1)на том |
||
| 040 | _aBLK | ||
| 041 |
_aRUS _cRUS |
||
| 080 |
_aРуски език _b811.161.1 _x(075.8) _z811.161.1(075.8) |
||
| 700 | 1 |
_aКасаткин, Леонид Леонидович _eавт. на том _9288148 |
|
| 700 | 1 |
_aКрысин, Леонид Петрович _e* _985032 |
|
| 700 | 1 |
_aЛьвов, Михаил Ростиславович _e* _9369646 |
|
| 700 | 1 |
_aТерехова, Татьяна Георгиева _e* _9128559 |
|
| 139 |
_aРусский язык _bР 95 |
||
| 245 | 1 | 0 |
_aРусский язык _bУч. пособие для студентов : В 2 ч. _cавт. на том Леонид Леонидович Касаткин; * Леонид Петрович Крысин; * Михаил Ростиславович Львов; * Татьяна Георгиева Терехова. _nЧ. 1 _pВведение в науку о языке |
| 257 | _aSUN | ||
| 260 |
_аМосква _bПросвещение _c1989 |
||
| 300 | _c21 см | ||
| 380 | _a80 | ||
| 500 | _a143 500 тир. | ||
| 505 |
_g _r _tРусский язык. Общие сведения |
||
| 505 |
_g _r _tЛексикология современного русского литературного языка |
||
| 505 |
_g _r _tФонетика |
||
| 505 |
_g _r _tГрафика и орфография |
||
| 650 | 4 |
_aРуски език - граматика _9252416 |
|
| 650 | 4 |
_aРуски език - учебници за ВУЗ _9248838 |
|
| 760 | 1 |
_3- (ч. 1)на том _dПросвещение _h288 с. _nДр. авт.: Л. П. Крысин, М. Р. Львов, Т. Г. Терехова. _tЧ. 1 Введение в науку о языке |
|
| 852 | _aЦб 160525 | ||
| 856 | 4 |
_qpdf _u |
|
| 856 | 4 |
_qpdf _u |
|
| 942 |
_cKNG _n0 _03 |
||
| 944 |
_aCR _c24.01.2017 _k30575 _lМартин Енчев |
||
| 944 |
_aED _c24.01.2017 _kКети_Илиева |
||
| 999 |
_c58202 _d58202 |
||